| 000 | 02095nas a22002537a 4500 | ||
|---|---|---|---|
| 005 | 20250603144853.0 | ||
| 007 | cr | ||
| 008 | 230522cr ||||| |||| 00| 0 spa d | ||
| 022 | _a0716-8640 (impresa) | ||
| 022 | _a2531-0186 (en linea) | ||
| 245 | 0 | 0 |
_aRevista Médica : _bClínica Las Condes / _cClínica Las Condes |
| 260 |
_aSantiago : _bElsevier , _c/2000/ - |
||
| 300 | _aImpresa y digital | ||
| 362 | _aVol. 11, No. 1 (ene 2000) - | ||
| 500 |
_aRevista Médica de Clínica Las Condes (RMCLC) es el órgano de difusión científica de Clínica Las Condes, hospital privado chileno de alta complejidad. Esta revista, de edición bimestral, publica revisiones bibliográficas de la literatura biomédica, actualizaciones, experiencias clínicas derivadas de la práctica médica, artículos originales y casos clínicos, en todas las especialidades de la salud.
Cada número se estructura en torno a un tema central, el cual es organizado por un editor invitado especialista en ese ámbito de la medicina. Los artículos desarrollan este tema central en detalle, considerando sus diferentes perspectivas y son escritos por autores altamente calificados, provenientes de diferentes instituciones de salud, tanto chilenas como extranjeras. _zhttps://www.elsevier.es/es-revista-revista-medica-clinica-las-condes-202-acerca |
||
| 500 |
_aLa publicación de un artículo tiene un coste (denominado `coste de publicación del artículo' o CPA) que el autor -o alguien que lo represente como por ejemplo su institución o la entidad financiadora del trabajo- debe asumir. _zhttps://www.elsevier.es/es-revista-revista-medica-clinica-las-condes-202-normas-publicacion |
||
| 650 | 2 | 7 |
_2decs _95771 _aMEDICINA CLINICA |
| 710 | 2 |
_917068 _aClínica Las Condes (Chile) |
|
| 856 | 4 | 1 | _uhttps://www.elsevier.es/es-revista-revista-medica-clinica-las-condes-202 |
| 856 | 4 | 1 |
_uhttps://www.sciencedirect.com/science/article/pii/S0716864017301268 _ySEGURIDAD DEL PACIENTE Y CULTURA DE SEGURIDAD |
| 869 | _a---- | ||
| 942 |
_2ddc _cURL |
||
| 980 |
_619227 _aLeticia Ana Abalos _819227 _gLeticia Ana Abalos |
||
| 999 |
_c8736 _d8736 |
||